Le defi des druides

Αποθηκεύτηκε σε:
Λεπτομέρειες βιβλιογραφικής εγγραφής
Κύριος συγγραφέας: Brisou-Pellen, Evelyne, 1947-
Άλλοι συγγραφείς: Morgan (Εικονογράφος)
Μορφή: Βιβλίο
Γλώσσα:French
Δημοσίευση: Paris : Amitie-Hatier, 1988.
Σειρά:Collection les Maitres de l'aventure ; 1025
Θέματα:
Ετικέτες: Προσθήκη ετικέτας
Δεν υπάρχουν, Καταχωρήστε ετικέτα πρώτοι!

MARC

LEADER 00000cam a2200000 i 4500
001 1/585
008 950704s1988 fr | ||| |||| ||fre||
020 |a 2700204360 
035 |l 10014134 
040 |a GR-MyUa  |b gre  |e AACR2 
041 0 |a fre 
082 7 |a 843   |2 (22) 
100 1 |a Brisou-Pellen, Evelyne,   |d 1947- 
245 1 3 |a Le defi des druides /   |c Evelyne Brisou-Pellen ; illustrations de Morgan. 
260 |a Paris :   |b Amitie-Hatier,   |c 1988. 
300 |a 188 σ. ;   |c 18 εκ. 
490 1 |a (Collection les Maitres de l'aventure ;   |v 1025) 
650 0 0 |a French fiction. 
650 0 0 |a Adventure stories, French. 
650 0 0 |a Children's stories, French. 
700 0 |a Morgan,  |e ill 
830 0 |a Collection les Maitres de l'aventure ;  |v 1025 
852 |a INST  |b LESVOS  |e 19950704  |h 843 BRI  |p 005100008124  |q 005100008124  |t BK  |y 0 
922 |a 1ΕΛΗ  |b 199012  |c ΠΠ/109